<?xml version="1.0" encoding="UTF-8"?>
<marc:record xmlns:marc="http://www.loc.gov/MARC21/slim">
   <marc:leader>00000nam a2200000 a 4500</marc:leader>
   <marc:datafield ind1="1" ind2=" " tag="100">
      <marc:subfield code="a">DiSclafani, A. Beatrice</marc:subfield>
      <marc:subfield code="4">aut</marc:subfield>
      <marc:subfield code="e">Verfasser/-in</marc:subfield>
   </marc:datafield>
   <marc:datafield ind1="0" ind2="0" tag="245">
      <marc:subfield code="a">Nach der Party</marc:subfield>
   </marc:datafield>
   <marc:datafield ind1="0" ind2="0" tag="245">
      <marc:subfield code="b">Roman</marc:subfield>
   </marc:datafield>
   <marc:datafield ind1="0" ind2="0" tag="245">
      <marc:subfield code="c">A. Beatrice DiSclafani ; aus dem Amerikanischen von Gabriele Werbeck und Andrea Stumpf</marc:subfield>
   </marc:datafield>
   <marc:datafield ind1=" " ind2="1" tag="264">
      <marc:subfield code="a">München</marc:subfield>
      <marc:subfield code="b">C. Bertelsmann</marc:subfield>
      <marc:subfield code="c">2017</marc:subfield>
   </marc:datafield>
   <marc:datafield ind1=" " ind2=" " tag="250">
      <marc:subfield code="a">1. Auflage</marc:subfield>
   </marc:datafield>
   <marc:datafield ind1="1" ind2=" " tag="520">
      <marc:subfield code="a">Angaben aus der Verlagsmeldung

Nach der Party : Roman The After Party / von A. Beatrice DiSclafani

Die dramatische Geschichte einer großen Frauenfreundschaft
Texas in den 1950er Jahren: Joan Fortier ist das Epizentrum der Welt der Schönen und Reichen von Houston. Groß, blond, atemberaubend schön und unabhängig, zieht sie alle Blicke auf sich. Jeder Mann scheint sich nach ihr zu verzehren, jede Frau ihr nachzueifern. Texas ist in diesen Tagen eine starr geordnete Welt. Das Geld sprudelt hier wie das Öl aus den Fördertürmen, aber Freiheit, Macht und Einfluss haben nur die Männer. Was aber, wenn eine Frau sich aus der Norm bewegt? Und wie wirkt sich das auf ihre beste Freundin aus? Cece Buchanan ist Joans Freundin seit Kindertagen. Sie hat sich der glamourösen Freundin verschrieben, mit Haut und Haaren. Früh verwaist, sehnt Cece sich nach Zuneigung und Anerkennung und lebt als Ehefrau und Mutter die Rolle, die Frauen in dieser Welt zugestanden wird. Doch in ihrer Verschworenheit mit Joan wird sie deren Komplizin und Zeugin ihrer Eskapaden, die bis an den Rand der Selbstzerstörung gehen. Bis Cece eine Entscheidung treffen muss mit Folgen für sie beide ….
</marc:subfield>
   </marc:datafield>
   <marc:datafield ind1=" " ind2=" " tag="020">
      <marc:subfield code="a">9783570103081</marc:subfield>
      <marc:subfield code="9">9783570103081</marc:subfield>
   </marc:datafield>
   <marc:datafield ind1=" " ind2=" " tag="020">
      <marc:subfield code="a">3570103080</marc:subfield>
      <marc:subfield code="9">3570103080</marc:subfield>
   </marc:datafield>
   <marc:datafield ind1=" " ind2=" " tag="300">
      <marc:subfield code="a">397 Seiten</marc:subfield>
   </marc:datafield>
</marc:record>
